Word Ladder: Agua de Dios Quiz Stats

 Plays Quiz not verified by Sporcle

Challenge
Share
Tweet
Embed
Score 0/11 Timer 01:30
0 Plays Today
Clue 4 Letter Word Ladder % Correct
Nobody likes a _______ guyWise
95%
Not narrowWide
90%
Do this when you must not be seenHide
85%
Healthy and strongHale
85%
Sea creatureFish
80%
What can be done at 11:11Wish
80%
The inclination of a mineral vein from the verticalHade
75%
MoundPile
70%
This has a reelPole
65%
Musician from Washington, DCWale
65%
Skill in outwittingWile
65%

You're not logged in!

Compare scores with friends on all Sporcle quizzes.
OR
Log In

You Might Also Like...

Show Comments

Extras

Created Apr 18, 2016ReportNominate
Tags:Word Ladder Quiz

Top Quizzes Today


Score Distribution

Your Account Isn't Verified!

In order to create a playlist on Sporcle, you need to verify the email address you used during registration. Go to your Sporcle Settings to finish the process.

Report this User

Report this user for behavior that violates our Community Guidelines.

Details: